Language Quiz

Random Language Quiz

Most Commonly Used English Words Starting with W Quiz Stats

Quiz not verified by Sporcle

Also try: Drop an E
Challenge
Share
Tweet
Embed
Score 0/27 Timer 05:00
0 Plays Today
Rank Word % Correct
27We
94.7%
40What
92.1%
128Where
92.1%
33Will
89.5%
46Who
89.5%
51When
84.2%
12Was
81.6%
165Why
80%
35Were
73.7%
37Would
71.1%
15With
63.2%
93Want
60.5%
89Well
55.3%
48Which
50%
Rank Word % Correct
167Went
50%
87Work
47.4%
230While
47.4%
259Walk
44.7%
90Way
39.5%
60Word
39.5%
83Water
39.5%
273Without
34.2%
281Watch
31.6%
73Write
28.9%
200World
26.3%
260White
26.3%
345Whole
21.1%

You're not logged in!

Compare scores with friends on all Sporcle quizzes.
Join for Free
OR
Log In

You Might Also Like...

Show Comments

Extras

Top Quizzes Today


Score Distribution

Your Account Isn't Verified!

In order to create a playlist on Sporcle, you need to verify the email address you used during registration. Go to your Sporcle Settings to finish the process.

Report this User

Report this user for behavior that violates our Community Guidelines.

Details: